[Event "Championnat de France - Vétérans"]
[Site "PAU"]
[Date "2012.08.14"]
[Round "1.1"]
[White "Carassus, Jean-Louis"]
[Black "Giffard, Nicolas"]
[Result "0-1"]
[WhiteElo "1780"]
[BlackElo "2363"]
[PlyCount "60"]

1. e4 c6 2. d4 d5 3. Bd3 dxe4 4. Bxe4 Nf6 5. Bf3 Bf5 6. Ne2 e6 7. O-O Be7 8.
Bf4 O-O 9. c4 Qb6 10. b3 Rd8 11. Nbc3 Rd7 12. Na4 Qd8 13. Qc1 Na6 14. Rd1 Rc8
15. a3 Be4 16. Qe3 Bxf3 17. Qxf3 c5 18. Be5 Ne8 19. Nf4 cxd4 20. Nd3 Bf8 21.
Nab2 f6 22. Bg3 e5 23. b4 b6 24. Re1 Nd6 25. Qg4 Rdc7 26. Rac1 Qd7 27. Qxd7
Rxd7 28. c5 bxc5 29. bxc5 Nb5 30. c6 Rdc7 0-1

[Event "Championnat de France - Vétérans"]
[Site "PAU"]
[Date "2012.08.14"]
[Round "1.2"]
[White "Dussol, Pierre"]
[Black "Mercier, Pierre"]
[Result "1-0"]
[WhiteElo "2210"]
[BlackElo "1770"]
[PlyCount "47"]

1. e4 c5 2. Nf3 d6 3. d4 cxd4 4. Qxd4 a6 5. c4 Nc6 6. Qd2 Nf6 7. Nc3 g6 8. b3
Bg7 9. Bb2 O-O 10. h3 Be6 11. Bd3 Nd7 12. O-O Nde5 13. Ne1 Nxd3 14. Nxd3 Qa5
15. Rfd1 Qh5 16. Nf4 Qc5 17. Na4 Qa7 18. Bxg7 Kxg7 19. c5 Rad8 20. Qc3+ Kg8 21.
Rd2 Qb8 22. Rad1 dxc5 23. Nxe6 Rxd2 24. Qg7# 1-0

[Event "Championnat de France - Vétérans"]
[Site "PAU"]
[Date "2012.08.14"]
[Round "1.3"]
[White "Ferrari, Guy"]
[Black "Weill, Roland"]
[Result "0-1"]
[WhiteElo "1744"]
[BlackElo "2185"]
[PlyCount "54"]

1. e4 Nc6 2. Nf3 e5 3. d4 exd4 4. Nxd4 Bc5 5. c3 Nf6 6. Bg5 h6 7. Nxc6 bxc6 8.
Bxf6 Qxf6 9. Qf3 Qxf3 10. gxf3 Rb8 11. b3 d5 12. Nd2 O-O 13. Bd3 Bh3 14. Bf1
Be6 15. c4 Rbd8 16. b4 dxe4 17. fxe4 Bxf2+ 18. Kxf2 Rxd2+ 19. Ke3 Rfd8 20. Be2
c5 21. Rhd1 Rxe2+ 22. Kxe2 Bg4+ 23. Ke1 Rxd1+ 24. Rxd1 Bxd1 25. Kxd1 g5 26. Ke2
Kg7 27. Kf3 Kf6 0-1

[Event "Championnat de France - Vétérans"]
[Site "PAU"]
[Date "2012.08.14"]
[Round "1.4"]
[White "Grizou, Regis"]
[Black "Tourenne, Dominique"]
[Result "1-0"]
[WhiteElo "2159"]
[BlackElo "1743"]
[PlyCount "73"]

1. d4 Nf6 2. Nf3 g6 3. g3 c5 4. d5 d6 5. Bg2 Bg7 6. O-O O-O 7. c4 b5 8. cxb5 a6
9. bxa6 Bxa6 10. Nc3 Nfd7 11. Qc2 Nb6 12. Rd1 N8d7 13. b3 Bxe2 14. Qxe2 Bxc3
15. Bb2 Bf6 16. Bxf6 exf6 17. Ne1 Re8 18. Qd2 Kg7 19. Nc2 Ne5 20. h3 f5 21. f4
Ned7 22. a4 Nf6 23. Ne3 Ne4 24. Bxe4 Rxe4 25. a5 Qe7 26. axb6 Rxa1 27. Nxf5+
gxf5 28. Rxa1 Qb7 29. Ra4 Qxb6 30. Rxe4 fxe4 31. Qe3 f5 32. g4 Qb7 33. Qc3+ Kg6
34. gxf5+ Kxf5 35. Qg3 Qxd5 36. Qg5+ Ke6 37. Qg8+ 1-0

[Event "Championnat de France - Vétérans"]
[Site "PAU"]
[Date "2012.08.14"]
[Round "1.5"]
[White "Biguet, Jean-Claude"]
[Black "Ruiz, Richard"]
[Result "0-1"]
[WhiteElo "1741"]
[BlackElo "2119"]
[PlyCount "76"]

1. e4 c5 2. c3 Nf6 3. e5 Nd5 4. d4 cxd4 5. Nf3 e6 6. cxd4 Nc6 7. Bc4 Nb6 8. Bb3
d6 9. O-O Be7 10. Nc3 d5 11. Bf4 a6 12. Rc1 Bd7 13. a3 g5 14. Be3 Na5 15. Nd2
Nxb3 16. Qxb3 Rg8 17. g4 Bc6 18. Qc2 Rg6 19. f3 Qd7 20. Rf2 O-O-O 21. Kf1 Kb8
22. Ke1 Rh8 23. Ke2 h5 24. Rh1 Rgh6 25. Kd1 Bd8 26. Kc1 R6h7 27. h3 Be7 28.
Rfh2 Na4 29. Kb1 Nxc3+ 30. Qxc3 Bb5 31. Ka1 Rc8 32. Qb3 Ba4 33. Qd3 Bc2 34. Qe2
Qa4 35. Ka2 Rc3 36. Nb1 Bxa3 37. Nxa3 Rxa3+ 38. bxa3 Qb3+ 0-1

[Event "Championnat de France - Vétérans"]
[Site "PAU"]
[Date "2012.08.14"]
[Round "1.6"]
[White "Tilquin, Jean-Pierre"]
[Black "Heckly, Jean-Louis"]
[Result "1-0"]
[WhiteElo "2000"]
[BlackElo "1732"]
[PlyCount "51"]

1. d4 Nf6 2. c4 d6 3. Nc3 g6 4. e4 Bg7 5. Bd3 O-O 6. Nge2 c5 7. d5 Na6 8. O-O
Nc7 9. Ng3 Bd7 10. h3 a6 11. a4 Rb8 12. Qe2 Qc8 13. f4 b6 14. e5 dxe5 15. fxe5
Nfe8 16. Bf4 Qb7 17. Nge4 f5 18. exf6 Nxf6 19. Nxf6+ Bxf6 20. Be5 Rbe8 21. Rae1
Qc8 22. Qe3 Qd8 23. Qg3 Na8 24. Bxg6 hxg6 25. Qxg6+ Kh8 26. Re4 1-0

[Event "Championnat de France - Vétérans"]
[Site "PAU"]
[Date "2012.08.14"]
[Round "1.7"]
[White "Talamon, Jerome"]
[Black "Hoyer, Hans-Gerd"]
[Result "0-1"]
[WhiteElo "1728"]
[BlackElo "1990"]
[PlyCount "92"]

1. Nf3 d6 2. d4 Nf6 3. e3 g6 4. Be2 Bg7 5. O-O O-O 6. c4 Nbd7 7. Nc3 c6 8. Rb1
e5 9. dxe5 dxe5 10. e4 h6 11. b4 Qe7 12. Qc2 Re8 13. Ne1 Nf8 14. f3 Ne6 15. Be3
Nd4 16. Qb2 Nh5 17. c5 Be6 18. Bd1 Nf4 19. Bb3 Nxb3 20. axb3 f5 21. Qc2 Qg5 22.
Kh1 Qf6 23. Nd3 Rad8 24. Nb2 Qf7 25. exf5 Bxf5 26. Ne4 Nd5 27. Bd2 Nf6 28. Nc4
Bf8 29. Qc1 Bxe4 30. fxe4 Qg7 31. Qc2 Rd4 32. Rbe1 Nh7 33. Bc3 Rd7 34. Qb2 Rde7
35. Nd6 Rd8 36. Nc4 Re6 37. Nxe5 Qe7 38. Rf7 Qh4 39. g3 Qh5 40. Rxb7 Rd1 41.
Rxd1 Qxd1+ 42. Kg2 Rf6 43. Qa1 Qe2+ 44. Kg1 Qe3+ 45. Kh1 Qxe4+ 46. Kg1 Ng5 0-1

[Event "Championnat de France - Vétérans"]
[Site "PAU"]
[Date "2012.08.14"]
[Round "1.8"]
[White "Birens, Eric-Andre"]
[Black "Fernandez, Clement"]
[Result "1-0"]
[WhiteElo "1955"]
[BlackElo "1725"]
[PlyCount "45"]

1. d4 d5 2. c4 c6 3. Nf3 Nf6 4. Nc3 e6 5. Bg5 Be7 6. e3 Nbd7 7. Rc1 O-O 8. cxd5
exd5 9. Bd3 Re8 10. O-O Nf8 11. Qc2 Ng6 12. h3 Ne4 13. Bxe7 Qxe7 14. a3 Nh4 15.
Nxh4 Qxh4 16. Bxe4 dxe4 17. Ne2 f5 18. Qb3+ Kh8 19. d5 cxd5 20. Qxd5 Be6 21.
Qxb7 Rab8 22. Qc6 Rbc8 23. Qxe6 1-0

[Event "Championnat de France - Vétérans"]
[Site "PAU"]
[Date "2012.08.14"]
[Round "1.9"]
[White "Duval, Michel"]
[Black "Darrigues, Alain"]
[Result "0-1"]
[WhiteElo "1724"]
[BlackElo "1955"]
[PlyCount "160"]

1. e4 c5 2. Nf3 d6 3. d4 cxd4 4. Qxd4 a6 5. Be3 Nf6 6. Nc3 e6 7. Qb6 Qxb6 8.
Bxb6 Nbd7 9. Be3 Be7 10. Bd3 b5 11. O-O Bb7 12. Nd2 Rc8 13. f3 O-O 14. Rac1 Nc5
15. Be2 Rfd8 16. Rfd1 h6 17. Nb3 b4 18. Nxc5 dxc5 19. Rxd8+ Bxd8 20. Nb1 Be7
21. Nd2 Nd7 22. Nb3 Rc7 23. Na5 Bc8 24. Rd1 Kf8 25. Bf4 e5 26. Be3 Nb8 27. Nc4
Nc6 28. Nb6 Nd4 29. Bd3 Bb7 30. c3 Ne6 31. cxb4 cxb4 32. b3 Bc5 33. Bxc5+ Nxc5
34. Bc4 Ke8 35. Kf2 Re7 36. Ke3 Ne6 37. Bxe6 Rxe6 38. Nc4 Bc6 39. Nd6+ Ke7 40.
Nc4 Bb5 41. Rd5 f6 42. Rc5 Kd7 43. Rd5+ Kc7 44. Rc5+ Kd7 45. Rd5+ Kc7 46. Rc5+
Kb7 47. h4 g5 48. hxg5 hxg5 49. Nb2 Rd6 50. Rc2 Kb6 51. Nc4+ Bxc4 52. Rxc4 a5
53. Rc2 Rc6 54. Rd2 Rc3+ 55. Ke2 Kc6 56. g4 a4 57. bxa4 Ra3 58. Rb2 Rxa4 59.
Kd3 Kc5 60. Rc2+ Kb5 61. Ke2 Ra3 62. Rd2 Kc4 63. Rc2+ Kd4 64. Rd2+ Kc3 65. Rd3+
Kb2 66. Rd2+ Kb1 67. Rd6 Kxa2 68. Kd1 b3 69. Rb6 Kb2 70. Rxf6 Ra4 71. Rc6 Rd4+
72. Ke2 Kb1 73. Rc5 b2 74. Rxe5 Rb4 75. Rd5 Kc2 76. Rd2+ Kc3 77. Rd1 b1=Q 78.
Rxb1 Rxb1 79. Ke3 Re1+ 80. Kf2 Kd2 0-1

[Event "Championnat de France - Vétérans"]
[Site "PAU"]
[Date "2012.08.14"]
[Round "1.10"]
[White "Peyrin, Jean"]
[Black "Leblic, Pierre"]
[Result "0-1"]
[WhiteElo "1949"]
[BlackElo "1702"]
[PlyCount "108"]

1. d4 Nf6 2. c4 g6 3. Nc3 d5 4. Nf3 Bg7 5. Bf4 O-O 6. Rc1 c6 7. e3 h6 8. Bd3
Be6 9. c5 Bg4 10. h3 Bxf3 11. Qxf3 Nbd7 12. Qd1 Re8 13. O-O e5 14. Bh2 exd4 15.
exd4 Nf8 16. b4 Ne6 17. Ne2 Nd7 18. Bc2 Qf6 19. Ba4 Nxd4 20. Nxd4 Qxd4 21. Qxd4
Bxd4 22. Rfd1 Bg7 23. b5 Rac8 24. Bd6 Nf6 25. bxc6 bxc6 26. Rc2 Ne4 27. Bf4 Nc3
28. Rxc3 Bxc3 29. Be3 Re4 30. Bc2 Re6 31. Rd3 Bg7 32. Ra3 Rc7 33. Rb3 h5 34.
Rb8+ Kh7 35. Kf1 Rce7 36. g3 Bh6 37. Bxh6 Kxh6 38. Bd3 Kg7 39. Rb1 Rc7 40. a4
Ree7 41. a5 Rb7 42. Rd1 Rb2 43. a6 Re6 44. h4 Rf6 45. Be2 Rc2 46. Rb1 Re6 47.
Bf3 Kf6 48. Rb7 Re7 49. g4 hxg4 50. Bxg4 Rxb7 51. axb7 Rb2 52. Bd7 Rxb7 53.
Bxc6 Rc7 54. Bxd5 Rxc5 0-1

[Event "Championnat de France - Vétérans"]
[Site "PAU"]
[Date "2012.08.15"]
[Round "2.1"]
[White "Giffard, Nicolas"]
[Black "Lapierre, Jacques"]
[Result "1-0"]
[WhiteElo "2363"]
[BlackElo "1854"]
[PlyCount "73"]

1. Nf3 d5 2. c4 e6 3. g3 Nf6 4. Bg2 Be7 5. O-O O-O 6. b3 c6 7. Bb2 Nbd7 8. d3
Re8 9. Nbd2 Nf8 10. e4 dxe4 11. dxe4 Qa5 12. e5 Ng4 13. a3 Rd8 14. b4 Qc7 15.
Qe2 Rb8 16. Rfe1 b6 17. Nd4 Rxd4 18. Bxd4 Nh6 19. Bc3 c5 20. b5 a5 21. bxa6
Bxa6 22. a4 Nf5 23. Nb3 Nd4 24. Nxd4 cxd4 25. Bxd4 Nd7 26. Rec1 Nc5 27. Qe3 Rd8
28. h4 h6 29. Rc2 Rxd4 30. Qxd4 Nb3 31. Qb2 Nxa1 32. Qxa1 Bc5 33. Qc3 Bb7 34.
Bxb7 Qxb7 35. Rd2 Qe4 36. Rd8+ Kh7 37. Qd3 1-0

[Event "Championnat de France - Vétérans"]
[Site "PAU"]
[Date "2012.08.15"]
[Round "2.2"]
[White "Dubreuil, Remy"]
[Black "Dussol, Pierre"]
[Result "0-1"]
[WhiteElo "1854"]
[BlackElo "2210"]
[PlyCount "78"]

1. b4 d5 2. Bb2 Nf6 3. e3 Bf5 4. a3 e6 5. Nf3 Bd6 6. Be2 a5 7. b5 h6 8. h3 Nbd7
9. O-O O-O 10. a4 e5 11. c4 dxc4 12. Bxc4 e4 13. Nd4 Ne5 14. Nxf5 Nxc4 15. Bd4
Be5 16. Qc2 Bxd4 17. Nxd4 Nb6 18. Nc3 Re8 19. d3 exd3 20. Qxd3 Qd6 21. Rfc1
Rad8 22. Qf5 Nbd7 23. Qf3 Nc5 24. Rd1 Qe5 25. Rac1 b6 26. Nc6 Rxd1+ 27. Qxd1
Qf5 28. Nd4 Qd3 29. Qxd3 Nxd3 30. Rd1 Nc5 31. Nc6 Kf8 32. Kf1 Nfe4 33. Nd5 Nxa4
34. Nxc7 Nac3 35. Rd7 Nc5 36. Rd5 Nxd5 37. Nxd5 a4 38. Nxb6 a3 39. Nb4 Rb8 0-1

[Event "Championnat de France - Vétérans"]
[Site "PAU"]
[Date "2012.08.15"]
[Round "2.3"]
[White "Weill, Roland"]
[Black "Zurano, Alberto"]
[Result "1/2-1/2"]
[WhiteElo "2185"]
[BlackElo "1830"]
[PlyCount "66"]

1. e4 c5 2. Nf3 d6 3. c3 Nf6 4. Bc4 e6 5. Qe2 Nc6 6. Bb3 Be7 7. O-O O-O 8. d4
cxd4 9. cxd4 Qc7 10. Nc3 a6 11. Bg5 h6 12. Bh4 Nh5 13. Bxe7 Qxe7 14. e5 Nf4 15.
Qe4 Ng6 16. Rfe1 d5 17. Qe3 b5 18. Bc2 Bd7 19. Rac1 Rac8 20. Bxg6 fxg6 21. Ne2
g5 22. Rc5 Nxd4 23. Rxc8 Nxe2+ 24. Rxe2 Rxc8 25. h3 Qc5 26. Nd4 Qc1+ 27. Kh2
Qxe3 28. fxe3 Kf7 29. b4 Rc4 30. Rb2 Rc3 31. Rb3 Rc4 32. Rb2 Rc3 33. Rb3 Rc4
1/2-1/2

[Event "Championnat de France - Vétérans"]
[Site "PAU"]
[Date "2012.08.15"]
[Round "2.4"]
[White "Maury, Claude"]
[Black "Grizou, Regis"]
[Result "1/2-1/2"]
[WhiteElo "1831"]
[BlackElo "2159"]
[PlyCount "68"]

1. d4 d5 2. Nf3 e6 3. Bf4 Bd6 4. Bg3 Ne7 5. Nbd2 Nf5 6. e3 Nxg3 7. hxg3 Nd7 8.
Bd3 h6 9. Qe2 Nf6 10. e4 dxe4 11. Nxe4 Bd7 12. c3 Qe7 13. Nfd2 O-O-O 14. Nxf6
Qxf6 15. Ne4 Qe7 16. Rh5 Kb8 17. O-O-O Rhe8 18. Ba6 f5 19. Nxd6 Qxd6 20. Bd3
Bc6 21. Bb5 Bxb5 22. Qxb5 a6 23. Qe5 Qxe5 24. dxe5 Rxd1+ 25. Kxd1 Rd8+ 26. Kc2
Rd5 27. f4 Kc8 28. Rh4 Kd8 29. g4 g5 30. fxg5 hxg5 31. Rh8+ Ke7 32. Rh7+ Kd8
33. Rh8+ Ke7 34. Rh7+ Kd8 1/2-1/2

[Event "Championnat de France - Vétérans"]
[Site "PAU"]
[Date "2012.08.15"]
[Round "2.5"]
[White "Ruiz, Richard"]
[Black "Hirschmann, Georges"]
[Result "1-0"]
[WhiteElo "2119"]
[BlackElo "1815"]
[PlyCount "151"]

1. d4 d5 2. Nc3 Nf6 3. Bg5 Nbd7 4. Nf3 g6 5. h4 Bg7 6. Qc1 h6 7. Bf4 a6 8. e3
c5 9. Be2 Qa5 10. O-O b5 11. a3 Qb6 12. dxc5 Qxc5 13. Rd1 Bb7 14. Ne5 O-O 15.
Bf3 e6 16. Ne2 Rac8 17. c3 Nxe5 18. Bxe5 Rcd8 19. a4 Nd7 20. Bd4 Bxd4 21. exd4
Qe7 22. Qxh6 Qf6 23. axb5 axb5 24. Ra7 Bc6 25. h5 gxh5 26. Qxh5 Kg7 27. Qg4+
Qg6 28. Qxg6+ Kxg6 29. Nf4+ Kg5 30. Nd3 Nb6 31. Ne5 Be8 32. Be2 Nc4 33. Nd3 Bc6
34. Rda1 Ra8 35. Nb4 Rac8 36. R1a6 Ba8 37. Ra2 Rcd8 38. g3 Kf6 39. Nd3 Nd6 40.
Ne5 Kg7 41. Bg4 Bb7 42. Be2 Ba8 43. Rd7 Nc4 44. Rxd8 Rxd8 45. Nd3 Bc6 46. Ra7
Be8 47. Kg2 Nd6 48. Nc5 Kg8 49. Bd3 Nc4 50. b3 Nd6 51. f4 Nc8 52. Ra8 Bc6 53.
Ra6 Ne7 54. g4 Rb8 55. b4 Be8 56. Kg3 Kf8 57. Kh4 Ng8 58. f5 exf5 59. Bxf5 Ne7
60. Bd3 Kg7 61. Kg5 Bc6 62. Ra7 f6+ 63. Kf4 Kf8 64. Bf5 Ke8 65. Bd7+ Bxd7 66.
Nxd7 Rc8 67. Nxf6+ Kf8 68. Nd7+ Kg8 69. Nc5 Rf8+ 70. Kg5 Nc6 71. Rc7 Nd8 72.
Kg6 Re8 73. Rd7 Kh8 74. g5 Kg8 75. Kh6 Rf8 76. g6 1-0

[Event "Championnat de France - Vétérans"]
[Site "PAU"]
[Date "2012.08.15"]
[Round "2.6"]
[White "Marbot, Raymond"]
[Black "Tilquin, Jean-Pierre"]
[Result "0-1"]
[WhiteElo "1822"]
[BlackElo "2000"]
[PlyCount "90"]

1. e4 e5 2. Nf3 Nc6 3. Bb5 Bc5 4. c3 f5 5. O-O fxe4 6. Bxc6 dxc6 7. Nxe5 Bd6 8.
Qh5+ g6 9. Nxg6 Nf6 10. Qh4 Rg8 11. d3 Rxg6 12. Bg5 h6 13. Bxf6 Qxf6 14. Qxe4+
Kf7 15. Nd2 Bh3 16. Qc4+ Kg7 17. g3 Bxf1 18. Kxf1 Re8 19. f4 b5 20. Qxc6 Qe7
21. Qf3 Qe3 22. Rd1 Bxf4 23. Qxe3 Bxe3 24. Ne4 Rge6 25. Ke2 Bb6 26. Rf1 c5 27.
Rf4 c4 28. Rg4+ Rg6 29. Rxg6+ Kxg6 30. g4 cxd3+ 31. Kxd3 Rd8+ 32. Ke2 Kf7 33.
h3 Ke6 34. Ng3 Ke5 35. Nf5 h5 36. Nh6 Ke4 37. g5 Be3 38. Nf7 Rd2+ 39. Ke1 Rxb2
40. g6 Bd2+ 41. Kf1 Bxc3 42. Ng5+ Kf5 43. h4 Kxg6 44. Ne4 Be5 45. Nc5 Rxa2 0-1

[Event "Championnat de France - Vétérans"]
[Site "PAU"]
[Date "2012.08.15"]
[Round "2.7"]
[White "Hoyer, Hans-Gerd"]
[Black "Coussot, Jean-Claude"]
[Result "1-0"]
[WhiteElo "1990"]
[BlackElo "1813"]
[Annotator "Rivier,Sylvain"]
[PlyCount "87"]

1. e4 d6 2. Nf3 c5 3. g3 Nc6 4. c3 g6 5. Bg2 Bg7 6. d3 e5 7. O-O Nge7 8. Nbd2
O-O 9. a4 b6 10. Nc4 Qc7 11. Nh4 Be6 12. Ne3 Rad8 13. Nd5 Qc8 14. f4 Bg4 15.
Qe1 Nxd5 16. exd5 Ne7 17. fxe5 dxe5 18. c4 Nf5 19. Nxf5 gxf5 20. h3 Bh5 21. a5
Rde8 22. axb6 axb6 23. Bg5 h6 24. Bd2 e4 25. dxe4 fxe4 26. Be3 f5 27. Qd2 Rf6
28. Kh2 Rg6 29. Bf4 e3 30. Bxe3 Qd7 31. Rae1 Rf8 32. Bf4 Kh7 33. Qc2 Bd4 34. d6
Rxd6 35. g4 Bg6 36. gxf5 Rxf5 37. Qe2 Rff6 38. Qg4 Qg7 39. Kh1 Bxb2 40. Be4
Rxf4 41. Rxf4 Bxe4+ 42. Rfxe4 Qb7 43. Qg2 Rf6 44. Qxb2 {suite illisible} 1-0

[Event "Championnat de France - Vétérans"]
[Site "PAU"]
[Date "2012.08.15"]
[Round "2.8"]
[White "Molet, Asher"]
[Black "Birens, Eric-Andre"]
[Result "0-1"]
[WhiteElo "1814"]
[BlackElo "1955"]
[Annotator "Rivier,Sylvain"]
[PlyCount "46"]
[EventDate "2012.??.??"]

1. d4 Nf6 2. Nf3 c5 3. c4 cxd4 4. Nxd4 e5 5. Nb5 d5 6. cxd5 Bc5 7. e3 O-O 8.
Be2 a6 9. N5c3 e4 10. O-O Qe7 11. Nd2 Bf5 12. a3 Nbd7 13. b4 Bd6 14. f3 exf3
15. Nxf3 Rac8 16. Qd4 Ne5 17. Bb2 Nxf3+ 18. Bxf3 Be5 19. Qd2 Qd6 20. g3 Bh3 21.
Bg2 Bxg2 22. Kxg2 Bxc3 23. Bxc3 Ne4 0-1

[Event "Championnat de France - Vétérans"]
[Site "PAU"]
[Date "2012.08.15"]
[Round "2.9"]
[White "Darrigues, Alain"]
[Black "Siberchicot, Robert"]
[Result "1-0"]
[WhiteElo "1955"]
[BlackElo "1801"]
[PlyCount "103"]

1. d4 e6 2. c4 d5 3. Nc3 Nf6 4. cxd5 exd5 5. Bg5 Be7 6. Qc2 Nbd7 7. e3 O-O 8.
Bd3 b6 9. Nf3 Bb7 10. O-O h6 11. Bh4 c5 12. Rac1 Ne4 13. Bxe7 Qxe7 14. dxc5
Ndxc5 15. Rfd1 Rac8 16. Qb1 Rfd8 17. Bf1 Nxc3 18. Rxc3 Ne4 19. Rxc8 Rxc8 20.
Qd3 Qc5 21. Nd4 Qc4 22. Qa3 Qc7 23. Be2 a5 24. Bg4 Rd8 25. h3 g6 26. Bf3 Qc5
27. Qd3 Rc8 28. Bg4 f5 29. Bf3 Qc4 30. Bxe4 dxe4 31. Qxc4+ Rxc4 32. Kf1 Kf7 33.
Ke1 Ba6 34. g3 Ke7 35. a3 Rc7 36. Kd2 Bd3 37. Rc1 Rxc1 38. Kxc1 Bf1 39. h4 Bd3
40. Kd2 Kd6 41. Kc3 Kd5 42. h5 gxh5 43. Nxf5 b5 44. b4 a4 45. Nh4 Be2 46. Ng6
Bf3 47. Ne7+ Kd6 48. Nf5+ Kd5 49. Nd4 h4 50. gxh4 h5 51. Nxf3 exf3 52. Kd3 1-0

[Event "Championnat de France - Vétérans"]
[Site "PAU"]
[Date "2012.08.15"]
[Round "2.10"]
[White "Cousin, Philippe"]
[Black "Lambert, Rene"]
[Result "0-1"]
[WhiteElo "1932"]
[BlackElo "1693"]
[PlyCount "86"]

1. d4 g6 2. Nf3 Bg7 3. c4 d6 4. Nc3 Nc6 5. d5 Ne5 6. Nxe5 Bxe5 7. e4 e6 8. Be2
exd5 9. cxd5 Qe7 10. O-O Bg7 11. Re1 Qd8 12. Bf4 Ne7 13. Rc1 O-O 14. Qd2 a6 15.
Bh6 b5 16. Bxg7 Kxg7 17. Qd4+ f6 18. b4 Bd7 19. Nd1 c6 20. Ne3 a5 21. a3 axb4
22. axb4 Ra4 23. Qc3 Qb6 24. Red1 Rc8 25. Ng4 Bxg4 26. Bxg4 Rc7 27. Be6 c5 28.
bxc5 Rxc5 29. Qd3 Rac4 30. Rxc4 Rxc4 31. Bg4 Qc5 32. Be2 Rc1 33. Rxc1 Qxc1+ 34.
Qd1 Qb2 35. f3 b4 36. Bc4 Qc3 37. Qb3 Qe1+ 38. Bf1 g5 39. Qc4 Qe3+ 40. Kh1 b3
41. Qd3 Qe1 42. Qe2 Qc3 43. Qd3 Qc1 0-1

[Event "Championnat de France - Vétérans"]
[Site "PAU"]
[Date "2012.08.16"]
[Round "3.1"]
[White "Birens, Eric-Andre"]
[Black "Giffard, Nicolas"]
[Result "0-1"]
[WhiteElo "1955"]
[BlackElo "2363"]
[PlyCount "128"]

1. d4 Nf6 2. c4 e6 3. Nc3 Bb4 4. a3 Bxc3+ 5. bxc3 c5 6. e3 Nc6 7. Bd3 O-O 8.
Ne2 b6 9. O-O Ne8 10. e4 Na5 11. Ng3 Ba6 12. f4 Bxc4 13. Bxc4 Nxc4 14. f5 exf5
15. Nxf5 Ncd6 16. Ng3 f6 17. dxc5 bxc5 18. Qd5+ Nf7 19. Bf4 d6 20. Nf5 Rb8 21.
Rab1 Rb6 22. Rbd1 Ra6 23. Rd3 Kh8 24. Rg3 Rxa3 25. h4 Qd7 26. h5 Rg8 27. Nh4
Nc7 28. Qb7 Rd8 29. h6 g5 30. Bc1 gxh4 31. Rgf3 Ra1 32. Qb2 Rxc1 33. Qxc1 Ne8
34. Qf4 Ne5 35. Rh3 Ng6 36. Qf5 Kg8 37. g3 hxg3 38. Rxg3 Qf7 39. Rd1 Rd7 40. c4
Re7 41. Rc1 Re5 42. Qg4 Qe6 43. Qxe6+ Rxe6 44. Ra3 Rxe4 45. Rxa7 Re7 46. Ra4 f5
47. Kf2 Kf7 48. Rc3 Nf6 49. Kf1 Ne4 50. Rca3 Kf6 51. Kg2 Kg5 52. Ra7 Kxh6 53.
Rxe7 Nxe7 54. Ra7 Nc6 55. Ra4 Ne5 56. Kh3 Kg6 57. Kh4 Nd2 58. Ra8 Ndxc4 59.
Rg8+ Kf7 60. Rg3 f4 61. Rc3 f3 62. Kg3 Kf6 63. Rb3 Nd2 64. Rb8 Nd3 0-1

[Event "Championnat de France - Vétérans"]
[Site "PAU"]
[Date "2012.08.16"]
[Round "3.2"]
[White "Dussol, Pierre"]
[Black "Darrigues, Alain"]
[Result "0-1"]
[WhiteElo "2210"]
[BlackElo "1955"]
[PlyCount "84"]

1. e4 c5 2. Nf3 d6 3. Bb5+ Nc6 4. Bxc6+ bxc6 5. O-O e6 6. d3 Ne7 7. b3 Ng6 8.
Bb2 f6 9. Nbd2 Be7 10. c3 O-O 11. d4 Ba6 12. c4 cxd4 13. Nxd4 Qd7 14. f4 c5 15.
Nxe6 Qxe6 16. f5 Qf7 17. fxg6 Qxg6 18. Rf4 Bc8 19. Nf1 f5 20. Ng3 Bg5 21. Nxf5
Bxf5 22. exf5 Rxf5 23. Rxf5 Qxf5 24. Qxd6 Be3+ 25. Kh1 Rf8 26. h3 Qf1+ 27. Rxf1
Rxf1+ 28. Kh2 Bf4+ 29. Qxf4 Rxf4 30. Be5 Rf5 31. Bd6 Kf7 32. g4 Rf2+ 33. Kg3
Rxa2 34. Bxc5 a6 35. Kf4 Ke6 36. Bd4 g6 37. h4 Ra3 38. b4 Ra4 39. Bc3 a5 40.
Kg5 axb4 41. Bh8 Kf7 42. Kh6 Kg8 0-1

[Event "Championnat de France - Vétérans"]
[Site "PAU"]
[Date "2012.08.16"]
[Round "3.3"]
[White "Hodot, Yves"]
[Black "Ruiz, Richard"]
[Result "0-1"]
[WhiteElo "1903"]
[BlackElo "2119"]
[PlyCount "118"]

1. e4 c6 2. d4 g6 3. h4 h5 4. Bd3 Bg7 5. c3 d5 6. e5 Nh6 7. Nf3 Bf5 8. Bxf5
Nxf5 9. e6 fxe6 10. Bf4 Nd7 11. g4 hxg4 12. Ng5 Nf8 13. Qxg4 Qd7 14. Nd2 Nh6
15. Qe2 Nf7 16. Nxf7 Kxf7 17. Nf3 Bf6 18. O-O-O c5 19. Be5 cxd4 20. Rxd4 Rh5
21. Rg1 Rc8 22. Rg5 Bxg5+ 23. Nxg5+ Kg8 24. Rf4 Rxg5 25. hxg5 Rc4 26. Bd4 Qd6
27. Rh4 Nh7 28. f4 e5 29. Bxe5 Qe6 30. Qh2 Qf7 31. Rh6 Rc6 32. Qh3 Re6 33. Qe3
Qf5 34. Qd4 Nxg5 35. Rh8+ Kf7 36. Qxd5 Qe4 37. Rh7+ Ke8 38. Qb5+ Qc6 39. Rh8+
Kf7 40. Qxc6 bxc6 41. Bd4 Re1+ 42. Kc2 Ne6 43. Rh7+ Ke8 44. Bxa7 Nxf4 45. a4
Re2+ 46. Kb3 Nd3 47. a5 Rxb2+ 48. Ka3 Rb1 49. Bb6 g5 50. Rh2 Ne5 51. Ka2 Rb5
52. Rh8+ Kf7 53. Ra8 g4 54. Bd4 Nc4 55. a6 c5 56. a7 Ra5+ 57. Kb1 cxd4 58. cxd4
g3 59. Rc8 g2 0-1

[Event "Championnat de France - Vétérans"]
[Site "PAU"]
[Date "2012.08.16"]
[Round "3.4"]
[White "Tilquin, Jean-Pierre"]
[Black "Pinchon, Henri"]
[Result "1-0"]
[WhiteElo "2000"]
[BlackElo "1886"]
[PlyCount "103"]

1. Nf3 Nf6 2. g3 g6 3. Bg2 Bg7 4. d4 d6 5. c4 O-O 6. Nc3 Na6 7. b3 c5 8. Bb2
Bd7 9. O-O Rb8 10. e3 Re8 11. Qe2 Qc8 12. Rfd1 cxd4 13. Nxd4 Nc7 14. e4 a6 15.
Nd5 b5 16. Rac1 bxc4 17. Nxc7 Qxc7 18. Rxc4 Qb6 19. Rdc1 Bb5 20. Nxb5 Qxb5 21.
e5 d5 22. R4c2 Qxe2 23. Rxe2 Ng4 24. h3 Nh6 25. Bxd5 e6 26. Bc4 Ra8 27. Rd1 Nf5
28. Rd7 Bf8 29. Red2 Bb4 30. R2d3 h5 31. Bc1 Be7 32. g4 hxg4 33. hxg4 Ng7 34.
Bd2 f6 35. Bc3 f5 36. f3 fxg4 37. fxg4 Bc5+ 38. Bd4 Bf8 39. Be3 Be7 40. Kg2 a5
41. a4 Bf8 42. Bg5 Rac8 43. Rf3 Rc5 44. Rff7 Rxc4 45. bxc4 Rc8 46. Bh6 Rxc4 47.
Bxg7 Bc5 48. Bf6 Rc2+ 49. Kf3 Rc3+ 50. Ke2 Bf8 51. Rh7 Rc8 52. Rh8# 1-0

[Event "Championnat de France - Vétérans"]
[Site "PAU"]
[Date "2012.08.16"]
[Round "3.5"]
[White "Lambert, Rene"]
[Black "Hoyer, Hans-Gerd"]
[Result "0-1"]
[WhiteElo "1693"]
[BlackElo "1990"]
[PlyCount "56"]

1. b3 d6 2. Bb2 Nd7 3. Nf3 Ngf6 4. g3 e5 5. d3 g6 6. Bg2 Bg7 7. Nc3 O-O 8. O-O
a5 9. e3 c6 10. Nd2 d5 11. Ne2 Re8 12. c4 Nc5 13. Qc2 Na6 14. a3 Bd7 15. Rad1
Nc7 16. Nf3 Nh5 17. d4 e4 18. Nd2 Rc8 19. b4 axb4 20. axb4 Bg4 21. Rde1 Qd7 22.
Nf4 Ne6 23. h3 Nexf4 24. exf4 Bxh3 25. Qc3 Bxg2 26. Kxg2 Qg4 27. Qe3 Bh6 28.
Re2 Nxf4+ 0-1

[Event "Championnat de France - Vétérans"]
[Site "PAU"]
[Date "2012.08.16"]
[Round "3.6"]
[White "Maury, Claude"]
[Black "Weill, Roland"]
[Result "0-1"]
[WhiteElo "1831"]
[BlackElo "2185"]
[PlyCount "88"]

1. d4 c5 2. d5 e5 3. e4 d6 4. Nf3 Nf6 5. Bg5 Be7 6. Nbd2 O-O 7. Be2 Bg4 8. h3
Bxf3 9. Bxf3 Nxd5 10. Bxe7 Nxe7 11. Nc4 b5 12. Ne3 Nbc6 13. c3 Qc7 14. O-O Rab8
15. Qd2 Rfd8 16. Rfd1 Na5 17. Rac1 c4 18. Nf5 Nxf5 19. exf5 Qe7 20. Qd5 a6 21.
Rd2 Nb7 22. Rcd1 Nc5 23. b3 cxb3 24. axb3 e4 25. Re2 Qe5 26. Qxe5 dxe5 27.
Rxd8+ Rxd8 28. Bxe4 Rd1+ 29. Kh2 Nxe4 30. Rxe4 f6 31. b4 Kf7 32. Kg3 g6 33.
fxg6+ hxg6 34. Kf3 Ke6 35. Ke2 Rb1 36. h4 Rb2+ 37. Kf3 f5 38. Re3 e4+ 39. Kg3
Ke5 40. f4+ Kd5 41. Kh3 Rd2 42. g4 Rd3 43. Rg3 Ke6 44. h5 fxg4+ 0-1

[Event "Championnat de France - Vétérans"]
[Site "PAU"]
[Date "2012.08.16"]
[Round "3.7"]
[White "Grizou, Regis"]
[Black "Fayolle, Guy"]
[Result "1/2-1/2"]
[WhiteElo "2159"]
[BlackElo "1781"]
[PlyCount "84"]

1. d4 Nf6 2. Nf3 g6 3. c4 Bg7 4. g3 O-O 5. Bg2 c6 6. O-O d6 7. Nc3 Nbd7 8. e4
a6 9. h3 e5 10. a4 Re8 11. Be3 b6 12. Qc2 Bb7 13. Rad1 Qc7 14. Rd2 c5 15. d5
Rab8 16. Ne1 Bc8 17. f4 Nh5 18. Kh2 exf4 19. gxf4 f5 20. Re2 Ndf6 21. Bc1 fxe4
22. Nxe4 Bf5 23. Nxf6+ Nxf6 24. Qd1 Rxe2 25. Qxe2 Re8 26. Qd1 Ne4 27. Nd3 Qe7
28. Qf3 Qh4 29. Re1 Nf6 30. Rxe8+ Nxe8 31. Nf2 Qe7 32. Ne4 Nf6 33. Nc3 Nd7 34.
Bf1 Nf6 35. Bd2 Ne4 36. Qe2 Kf7 37. Nxe4 Qxe4 38. Qxe4 Bxe4 39. b4 Bd4 40. a5
bxa5 41. bxa5 Kf6 42. Kg3 Bf5 1/2-1/2